1431 1549 1977 1665 1989 1123 1969 1065 1974 1347 1169 1364 1663 1979 1509 1637 1100 1240 1977 1591 1997 1450 1941 1346 1188 1340 1601 1634 1330 1771 1686 1779 1594 1863 1924 1535 1166 1887 1500 1020 1926 1047 1065 1790 1293 1234 1969 1766 1031 1132 1080 1877 1653 1354 1996 1842 1736 1447 1570 1197 1798 1843 1444 1329 1236 1431 1128 1565 1070 1934 1294 1987 1665 1832 1671 1097 1460 1235 1548 1380 1024 1102 1118 1935 1586 1254 1645 1910 1675 1543 1770 1815 1580 1133 1613 1913 1324 1792 1682 BCNSPRNW ULIB Ver.6.0+V

เปลี่ยนเป็นภาษาไทย

Change to English
 แสดงรายละเอียดบรรณานุกรม
  กลับหน้าหลัก

Brief Record : Get Marc (ISO 2709) : E-mail record : QR code < ปิดหน้าต่าง
LEADER : 00000nas 2200000uu 4500
001    13399114425
003     ULIB
008    020711s|||| th a 000 0 tha d
022    ^a08573859
110    ^aมูลนิธิโรคไตแห่งประเทศไทย
245    ^aวารสารมูลนิธิโรคไต /^cมูลนิธิโรคไตแห่งประเทศไทย
260    ^aกรุงเทพฯ :^bมูลนิธิโรคไตแห่งประเทศไทย,^cม.ป.ป.
310    ^aรายเดือน
850    ^aฉบับที่ 51 ปีที่ 26
945    ^p0^l0^i900262
รายการนี้ยังไม่มีแท็ก
คุณยังไม่ได้ล็อกอิน คุณสามารถมีกิจกรรมร่วมกับเว็บไซต์ได้ แต่ต้องล็อกอินก่อน ::
  ล็อกอิน

รายการสื่อสารสนเทศ (วารสาร)

ดูแบบ: กล่อง รายการ
ARRIVED
ฉบับที่ 51 ปีที่ 26
สถานที่: ห้องสมุดวิทยาเขตสวรรค์ประชารักษ์ >วารสาร
รายการใกล้เคียง
    ผู้แต่ง []

BibComment


ยังไม่เคยถูกคอมเมนท์

คอมเมนท์ทรัพยากรรายการนี้
  คอมเมนท์: วารสารมูลนิธิโรค..


 Copyright 2026. Bcnsprnw @Library